Les numéros des départements français - Statistiques

Statistiques générales
  • Ce quiz a été pris 128 fois
  • Le résultat moyen est 37 sur 101
Statistiques - réponses
Numéro Départements % Correct
1 Ain
95%
2 Aisne
86%
3 Allier
73%
2B Corse du sud
68%
7 Ardèche
64%
2A Haute Corse
64%
6 Alpes maritimes
61%
15 Cantal
59%
9 Ariège
57%
10 Aube
57%
11 Aude
57%
13 Bouche du rhône
57%
4 Alpes de haute provence
55%
16 Charente
55%
17 Charente maritime
55%
5 Hautes Alpes
55%
8 Ardennes
52%
12 Aveyron
52%
19 Corrèze
52%
14 Calvados
50%
22 Côte d'Armor
50%
24 Dordogne
50%
21 Côte d'or
48%
29 Finistère
48%
18 Cher
45%
25 Doubs
45%
28 Eure et Loire
45%
26 Drôme
43%
27 Eure
43%
33 Gironde
43%
23 Creuse
41%
34 Herault
41%
59 Nord
41%
971 Guadeloupe
39%
44 Loire-Atlantique
39%
972 Martinique
39%
75 Paris
39%
93 Seine St Denis
39%
30 Gard
36%
32 Gers
36%
43 Haute Loire
36%
35 Ille et Vilaine
36%
40 Landes
36%
42 Loire
36%
78 Yvelines
36%
38 Isère
34%
45 Loiret
34%
47 Lot et Garonne
34%
53 Mayenne
34%
31 Haute Garonne
32%
49 Maine et Loire
32%
60 Oise
32%
69 Rhône
32%
91 Essonne
30%
74 Haute Savoie
30%
36 Indre
30%
37 Indre et Loire
30%
39 Jura
30%
46 Lot
30%
54 Meurthe et Moselle
30%
56 Morbihan
30%
62 Pas de Calais
30%
73 Savoie
30%
83 Var
30%
86 Vienne
30%
52 Haute Marne
27%
92 Hauts de Seine
27%
50 Manche
27%
51 Marne
27%
975 Mayotte
27%
974 Réunion
27%
72 Sarthe
27%
80 Somme
27%
94 Val de Marne
27%
95 Val d'Oise
27%
84 Vaucluse
27%
87 Haute Vienne
25%
48 Lozère
25%
55 Meuse
25%
57 Moselle
25%
77 Seine et Marne
25%
76 Seine Maritime
25%
68 Haut Rhin
23%
41 Loir et Cher
23%
58 Nièvre
23%
63 Puy de Dôme
23%
64 Pyrénées Atlantique
23%
85 Vendée
23%
88 Vosges
23%
67 Bas Rhin
20%
70 Haute Saône
20%
65 Hautes Pyrénées
20%
61 Orne
20%
66 Pyrénées orientales
20%
71 Saône et Loire
20%
81 Tarn
20%
82 Tarn et Garonne
20%
79 Deux sèvres
18%
90 Territoire de Belfort
18%
89 Yonnes
14%
973 Guyane française
11%
Aucun quiz correspondant
Distribution des résultats
% des personnes avec chaque résultat
Percentile par nombre de réponses
Votre historique - résultats
Vous n’avez pas pris ce quiz